La Meilleure collection de chansons Francaises : La plus récente et complète collection des chansons les plus connues.
Wedi'i Gadw mewn:
| Fformat: | Llyfr |
|---|---|
| Iaith: | Undetermined |
| Cyhoeddwyd: |
Tp.Hồ Chí Minh
Trẻ
2004
|
| Tagiau: |
Ychwanegu Tag
Dim Tagiau, Byddwch y cyntaf i dagio'r cofnod hwn!
|
| Thư viện lưu trữ: | Trung tâm Học liệu Trường Đại học Cần Thơ |
|---|
| LEADER | 00579nam a2200169Ia 4500 | ||
|---|---|---|---|
| 001 | CTU_141813 | ||
| 008 | 210402s9999 xx 000 0 und d | ||
| 020 | |c 20000 | ||
| 082 | |a 781.63 | ||
| 082 | |b M513/Vol.3 | ||
| 245 | 0 | |a La Meilleure collection de chansons Francaises : | |
| 245 | 0 | |b La plus récente et complète collection des chansons les plus connues. | |
| 245 | 0 | |c Nguyễn Văn Phước, Vũ Tài Hoa, First News Biên dịch | |
| 260 | |a Tp.Hồ Chí Minh | ||
| 260 | |b Trẻ | ||
| 260 | |c 2004 | ||
| 980 | |a Trung tâm Học liệu Trường Đại học Cần Thơ | ||